Morphopathological and clinicopathological studies on goat following experimental infection with the rift valley virus (Record no. 2043)

MARC details
000 -LEADER
fixed length control field 01233nam a2200301Ia 4500
001 - CONTROL NUMBER
control field u21550
003 - CONTROL NUMBER IDENTIFIER
control field SIRSI
005 - DATE AND TIME OF LATEST TRANSACTION
control field 20180219123659.0
007 - PHYSICAL DESCRIPTION FIXED FIELD--GENERAL INFORMATION
fixed length control field he|bmb|||bacu
008 - FIXED-LENGTH DATA ELEMENTS--GENERAL INFORMATION
fixed length control field 000306s1983 ua a bb 000 0 eng d
039 #9 - LEVEL OF BIBLIOGRAPHIC CONTROL AND CODING DETAIL [OBSOLETE]
Level of rules in bibliographic description 200301111045
Level of effort used to assign nonsubject heading access points said
-- 200203190951
-- load
040 ## - CATALOGING SOURCE
Original cataloging agency EAL.
041 ## - LANGUAGE CODE
Language code of text/sound track or separate title eng
Language code of summary or abstract ara
090 ## - LOCALLY ASSIGNED LC-TYPE CALL NUMBER (OCLC); LOCAL CALL NUMBER (RLIN)
Classification number (OCLC) (R) ; Classification number, CALL (RLIN) (NR) Thesis
Local cutter number (OCLC) ; Book number/undivided call number, CALL (RLIN) S-776
100 1# - MAIN ENTRY--PERSONAL NAME
Personal name Agag, Ahmed El-Sayed Mahmoud.
245 10 - TITLE STATEMENT
Title Morphopathological and clinicopathological studies on goat following experimental infection with the rift valley virus
Medium [microform] /
Statement of responsibility, etc. by Ahmed El-Sayed Mahmoud Agag.
246 15 - VARYING FORM OF TITLE
Title proper/short title دراسة التغيرات المورفوباثولوجية والاكلينيكية الباثولوجية على الماعز المصاب تجريبيا بفيروس حمي الوادي المتصدع.
260 ## - PUBLICATION, DISTRIBUTION, ETC.
Date of publication, distribution, etc. 1983.
300 ## - PHYSICAL DESCRIPTION
Extent 94, 2 leaves :
Other physical details ill. ;
Dimensions 30 cm.
502 ## - DISSERTATION NOTE
Dissertation note Thesis (M.S.)--Cairo Universty, 1983.
504 ## - BIBLIOGRAPHY, ETC. NOTE
Bibliography, etc. note Includes bibliographical references (leaves 76-94).
533 ## - REPRODUCTION NOTE
Type of reproduction Microfiche.
Place of reproduction Cairo, Egypt :
Agency responsible for reproduction ASUNET,
Physical description of reproduction 2 microfiches : negative.
546 ## - LANGUAGE NOTE
Language note Summary in Arabic.
596 ## -
-- 1
650 #0 - SUBJECT ADDED ENTRY--TOPICAL TERM
Topical term or geographic name entry element Goats
General subdivision Diseases.
650 #0 - SUBJECT ADDED ENTRY--TOPICAL TERM
Topical term or geographic name entry element Rift valley fever.
942 ## - ADDED ENTRY ELEMENTS (KOHA)
Koha item type Microfiche
Source of classification or shelving scheme Library of Congress Classification
Holdings
Withdrawn status Lost status Source of classification or shelving scheme Damaged status Not for loan Home library Current library Date acquired Total Checkouts Full call number Barcode Date last seen Copy number Price effective from Koha item type
    Library of Congress Classification     Main Main 02/19/2018   THESIS S-776 T00995 02/19/2018 1 02/19/2018 Microfiche

Home | About ENAL | Collections | Services | Activities | Calendar | Contact us

7 Nadi El Sayed St., Giza, Egypt | Phone:02-33351121 +02-33351313 | 
| Email: enalegypt@gmail.com